|
|
|
|
| LEADER |
01316nam a2200361 a 4500 |
| 001 |
000676716 |
| 003 |
CZ BrMZK |
| 005 |
20100611112214.0 |
| 007 |
ta |
| 008 |
030707s2003 xr a b p 000 0 cze d |
| 015 |
|
|
|a cnb001257509
|
| 020 |
|
|
|a 80-7245-044-1
|q (brož.)
|
| 035 |
|
|
|a (OCoLC)53516269
|
| 040 |
|
|
|a BOA001
|b cze
|
| 072 |
|
7 |
|a 811.162.3
|x Čeština
|2 Konspekt
|9 11
|
| 072 |
|
7 |
|a 37.016
|x Učební osnovy. Vyučovací předměty. Učebnice
|2 Konspekt
|9 22
|
| 080 |
|
|
|a 811.162.3
|2 MRF
|
| 080 |
|
|
|a (075.2)
|2 MRF
|
| 080 |
|
|
|a (076.1)
|2 MRF
|
| 100 |
1 |
|
|a Wildová, Radka,
|d 1965-
|7 mzk2003188362
|4 aut
|
| 245 |
1 |
0 |
|a Pracovní sešit k Živé abecedě /
|c [Radka Wildová, Hana Staudková]
|
| 250 |
|
|
|a Vyd. 4.
|
| 260 |
|
|
|a Všeň :
|b Alter,
|c 2003
|
| 300 |
|
|
|a 28 s. :
|b il. ;
|c 29 cm
|
| 500 |
|
|
|a Název z obálky
|
| 650 |
0 |
7 |
|a čeština
|7 ph135292
|2 czenas
|
| 655 |
|
7 |
|a učebnice základních škol
|7 fd133773
|2 czenas
|
| 655 |
|
7 |
|a pracovní sešity
|7 fd133116
|2 czenas
|
| 700 |
1 |
|
|a Staudková, Hana
|7 jn20001103790
|4 aut
|
| 856 |
4 |
1 |
|u http://www.digitalniknihovna.cz/mzk/uuid/uuid:688c0700-b3c6-11e2-b6da-005056827e52
|y Digitalizovaný dokument
|x NDK
|
| 910 |
|
|
|a BOA001
|b 3-1120.319
|
| 990 |
|
|
|a BK
|
| 996 |
6 |
|
|b 2610195113
|c 3-1120.319
|l MZK
|r Sklad / do 1 hodiny
|n 0
|p p.v.
|w 000676716
|u 000010
|a 1
|e BOA001
|j MZK50
|s P
|